List of IMF Member Countries with Delays in Completion of Article IV Consultations or Mandatory Financial Stability Assessments over 18 Months.

The following table lists the IMF members for which the Article IV consultation or the mandatory financial stability assessment has been delayed by more than 18 months. The delay is counted past the scheduled expected date, plus applicable grace period.

Detalles Bibliográficos
Autor Corporativo: International Monetary Fund
Formato: Revista
Idioma:English
Publicado: Washington, D.C. : International Monetary Fund, 2012.
Series:Policy Papers; Policy Paper ; No. 2012/061
Subjects:
Acceso en liña:Full text available on IMF
LEADER 01578cas a2200313 a 4500
001 AALejournalIMF020491
008 230101c9999 xx r poo 0 0eng d
020 |c 5.00 USD 
020 |z 9781498340113 
022 |a 2663-3493 
040 |a BD-DhAAL  |c BD-DhAAL 
110 2 |a International Monetary Fund. 
245 1 0 |a List of IMF Member Countries with Delays in Completion of Article IV Consultations or Mandatory Financial Stability Assessments over 18 Months. 
264 1 |a Washington, D.C. :  |b International Monetary Fund,  |c 2012. 
300 |a 1 online resource (2 pages) 
490 1 |a Policy Papers 
500 |a <strong>Off-Campus Access:</strong> No User ID or Password Required 
500 |a <strong>On-Campus Access:</strong> No User ID or Password Required 
506 |a Electronic access restricted to authorized BRAC University faculty, staff and students 
520 3 |a The following table lists the IMF members for which the Article IV consultation or the mandatory financial stability assessment has been delayed by more than 18 months. The delay is counted past the scheduled expected date, plus applicable grace period. 
538 |a Mode of access: Internet 
650 7 |a Consultation  |2 imf 
650 7 |a Fund Staff  |2 imf 
650 7 |a IMF Member Countries With Delay  |2 imf 
650 7 |a List Of IMF Member Country  |2 imf 
650 7 |a PP  |2 imf 
651 7 |a Argentina  |2 imf 
830 0 |a Policy Papers; Policy Paper ;  |v No. 2012/061 
856 4 0 |z Full text available on IMF  |u http://elibrary.imf.org/view/journals/007/2012/061/007.2012.issue-061-en.xml  |z IMF e-Library